| 000 | 00948nam a2200277 i 4500 | ||
|---|---|---|---|
| 001 | 19411 | ||
| 003 | ES-MaACL | ||
| 005 | 20250818043441.0 | ||
| 007 | t| | ||
| 008 | 020716s2001 sp ||||0| spa j | ||
| 020 | _a84-460-1137-9 | ||
| 040 |
_aM-BN _bspa _cM-BN |
||
| 080 | _a292.112.1 | ||
| 100 | 1 |
_aDetienne, Marcel. _943964 |
|
| 245 | 1 | 0 |
_aApolo con el cuchillo en la mano _b: una aproximación experimental al politeísmo griego / _cMarcel Detienne ; traducción, Mar Llinares García. |
| 260 |
_aTres Cantos (Madrid) : _bAkal, _c[2001] |
||
| 300 |
_a287 p ; _c22 cm. |
||
| 490 | 1 |
_aAkal universitaria. Serie interdisciplinar ; _v220 |
|
| 500 | _aIndice. | ||
| 650 | 1 | 7 |
_aApolo (Divinidad griega) _2embne _99920 |
| 700 | 1 |
_aLlinares García, Mar. _972785 |
|
| 830 | 0 | 0 |
_aAkal universitaria. _pInterdisciplinar _v220 _9183236 |
| 852 |
_aES-MaACL _jL-25820 _bR.131110 |
||
| 999 |
_c19411 _d19411 |
||